|
|
|
|
| LEADER |
00861nam a2200205 i 4500 |
| 001 |
misc45650 |
| 005 |
20200717143823.0 |
| 008 |
200422s1796 hu o 0|| ger d |
| 040 |
|
|
|a SZTE Miscellanea Repozitórium
|b hun
|
| 041 |
|
|
|a ger
|
| 041 |
|
|
|a lat
|
| 100 |
1 |
|
|a Scheller Immanuel Johann Gerhard
|
| 245 |
1 |
0 |
|a Lateinisch-deutsches und deutsch-lateinisches Handlexicon vornehmlich für Schulen
|h [elektronikus dokumentum] /
|c Scheller Immanuel Johann Gerhard
|
| 260 |
|
|
|a bey Caspar Fritsch
|b Leipzig
|c 1796
|
| 250 |
|
|
|a Zweyte, von neuem genau durchgesehene und verbesserte, auch hier und da vermehrte Auflage
|
| 300 |
|
|
|a XII, 1832 p.
|c 22 cm
|
| 561 |
|
|
|a Poór Imre hagyaték
|
| 591 |
|
|
|a Prof. Dr. Poór Ferenc ajándéka (pecsét)
|
| 695 |
|
|
|a Szótár - latin-német
|
| 856 |
4 |
0 |
|u http://misc.bibl.u-szeged.hu/45650/1/borklinika_153_001.pdf
|z Dokumentum-elérés
|